Spanish Numbers 0-20 - Statistics

General Stats
  • This quiz has been taken 2,318 times
  • The average score is 18 of 21
Answer Stats
Hint Answer % Correct
1 uno
100%
2 dos
99%
3 tres
98%
5 cinco
95%
8 ocho
94%
6 seis
94%
9 nueve
93%
4 cuatro
92%
7 siete
92%
10 diez
91%
11 once
88%
12 doce
87%
13 trece
85%
0 cero
84%
15 quince
79%
14 catorce
78%
16 dieciseis
68%
19 diecinueve
67%
18 dieciocho
67%
17 diecisiete
67%
20 veinte
65%
No matching quizzes found
Score Distribution
Percent of People with Each Score
Percentile by Number Answered
Your Score History
You have not taken this quiz